| 000 | 00926cam a22002897a 4500 | ||
|---|---|---|---|
| 003 | CHAP | ||
| 005 | 20220329134901.0 | ||
| 008 | 971013s1931 r 00010 d | ||
| 010 | _a27474 | ||
| 011 | _a28446 | ||
| 035 | _a32550 | ||
| 040 | _cCHAP | ||
| 082 |
_a017.1 _bK4 |
||
| 100 | 0 | 0 |
_aKer, Annita Melville. _963078 |
| 245 | 1 | 2 | _aA survey of mexican scientific periodicals to which are appended some notes on mexican historical periodicals |
| 260 |
_aBaltimore, Md. : _bHarvey Bassley Foundation, _c1931 |
||
| 300 | _a105 h. | ||
| 500 | _aMecanografiado | ||
| 590 |
_aBATCH-UPD _b10 _c20130110 _lUCH01 _h2220 |
||
| 590 |
_aBATCH-UPD _b10 _c20130410 _lUCH01 _h1518 |
||
| 590 |
_aBATCH-UPD _b10 _c20130914 _lUCH01 _h1946 |
||
| 590 |
_aCONVERSION _b10 _c20130109 _lUCH01 _h1316 |
||
| 650 | 1 | 4 |
_aPublicaciones periódicas mexicanas. _992728 |
| 901 | _aBK | ||
| 942 | _cLIBRO | ||
| 949 |
_a017.1 K4 _bBC _cB _d-75842 _eB _i32550 _si |
||
| 999 |
_c27474 _d27474 |
||